000 00809nam a2200253Ia 4500
003 OSt
005 20220927110741.0
006 a|||||r|||| 00| 0
007 ta
008 220926b |||||||| |||| 00| 0 eng d
024 _a85565
037 _cReports
040 _aRTL
_cRTL
_beng
041 _2eng
_aeng
082 _a"X93.271.N67t, K8/GD"
111 _aPublic Sector Undertakings (Evaluation Committee on...)(Chairman : P. S. Lokanathan) (1967 : Orissa India)
_9380137
245 0 _aReport
260 _aCuttack
_bGovernment Press India
_c1968
300 _a112p.
_ccm.
500 _a"Planning and Co-ordination Department, Orissa, Publication"
650 _aPublic Sector Economics
942 _h"X93.271.N67t, K8/GD"
_cCC
999 _c697831
_d697831